| 000 | 00671cam a22002411 4500 | ||
|---|---|---|---|
| 001 | sa 64004507 | ||
| 003 | DLC | ||
| 005 | 20260227112025.0 | ||
| 008 | 860514s1963 ii 000 0abenr | ||
| 010 | _asa 64004507 | ||
| 025 | _aPL480:I-B-1279 | ||
| 035 | _a(OCoLC)23578469 | ||
| 040 |
_aDLC _cMiU _dDLC |
||
| 042 | _apremarc | ||
| 050 | 0 | 0 |
_aE169 _b.B98 |
| 100 | 1 | _aBurman, Debajyoti. | |
| 245 | 1 | 0 |
_aĀmerikāra ḍāẏerī. _c[Lekhaka] Debajyoti Barmmaṇa. |
| 250 | _a[Prathama saṃskaraṇa] | ||
| 260 |
_aKalikātā, _bBāk-sāhitya _c[1963] |
||
| 300 |
_a2, 291 p. _c23 cm. |
||
| 500 | _aIn Bengali. | ||
| 651 | 0 |
_aUnited States _xDescription and travel. |
|
| 999 |
_c58552 _d58552 |
||